Nghiên cứu biến tính rotundin bazơ chiết xuất từ củ bình vôi (Stephania Rotunda - họ Phòng Kỷ) thành Rotundin sulfat làm thuốc an thần : Báo cáo tổng kết đề tài khoa học và công nghệ cấp Trường
Nghiên cứu cách chiết xuất rotundin và chế biến thành thuốc an thần từ củ bình vôi
Đã lưu trong:
| 主要作者: | |
|---|---|
| 格式: | 圖書 |
| 語言: | Undetermined |
| 出版: |
Cần Thơ
Trường Đại học Cần Thơ
2011
|
| 主題: | |
| 標簽: |
添加標簽
沒有標簽, 成為第一個標記此記錄!
|
| Thư viện lưu trữ: | Trung tâm Học liệu Trường Đại học Cần Thơ |
|---|
| LEADER | 01125nam a2200229Ia 4500 | ||
|---|---|---|---|
| 001 | CTU_203328 | ||
| 008 | 210402s9999 xx 000 0 und d | ||
| 082 | |a 615.882 | ||
| 082 | |b Th523 | ||
| 088 | |a TSV2010-13 | ||
| 100 | |a Huỳnh, Như Thụy | ||
| 245 | 0 | |a Nghiên cứu biến tính rotundin bazơ chiết xuất từ củ bình vôi (Stephania Rotunda - họ Phòng Kỷ) thành Rotundin sulfat làm thuốc an thần : | |
| 245 | 0 | |b Báo cáo tổng kết đề tài khoa học và công nghệ cấp Trường | |
| 245 | 0 | |c Huỳnh Như Thụy, Nguyễn Thị Hạnh Hiền (Chủ nhiệm đề tài) ; Nguyễn Thị Diệp Chi (cán bộ hướng dẫn) | |
| 260 | |a Cần Thơ | ||
| 260 | |b Trường Đại học Cần Thơ | ||
| 260 | |c 2011 | ||
| 520 | |a Nghiên cứu cách chiết xuất rotundin và chế biến thành thuốc an thần từ củ bình vôi | ||
| 650 | |a Thảo dược,Folk Medicine | ||
| 904 | |i Nguyên | ||
| 915 | |a TN | ||
| 980 | |a Trung tâm Học liệu Trường Đại học Cần Thơ | ||